Nervous System Quiz - Statistics

General Stats
  • This quiz has been taken 14 times
  • The average score is 6 of 16
Answer Stats
Hint Answer % Correct
lobe responsible for walking,speech,intellect,personality frontal
92%
lobe responsible for vision occipital
83%
used for learning new motor skills cerebellum
75%
lobe responsible for interpreting sensory info receptors parietal
75%
lobe responsible for hearing, vision,memory,interpretation temporal
67%
contains two hemispheres for coordinating sensory and motor information cerebrum
50%
influenced by the hypothalmu, part of the endocrine system pituitary gland
42%
relay station between cerebellum areas pons
33%
outer layer, protection meninges
25%
relay center for some ear and eye reflexes midbrain
17%
covers both hemispheres,divided into four lobes cerebral cortex
8%
connects brain to spinal chord hindbrain
8%
connects endocrine to the nervous system hypothalmus
8%
relates to involuntary movement medulla oblongata
8%
coordinatesand interprets sensory info thalmus
8%
carries nutrients cerebrospinal fluid
0%
No matching quizzes found
Score Distribution
Percent of People with Each Score
Percentile by Number Answered
Your Score History
You have not taken this quiz